000 00347 a2200157 4500
001 74685
020 _a9781408288528
040 _cAnchieta - Colégio São Paulo
100 _aSchofield, Nicola
240 1 0 _aPeter Pan
_lIng
245 1 0 _aPeter Pan
300 _a15
362 0 _a2012
650 4 _aLiteratura infantil em inglês
942 _cBK
999 _c74685
_d74685